000 00728nam a2200241 a 4500
003 AR-BaBNM
005 20251128204009.0
008 082120s2002 ||||||||||||||000 | spa||
040 _cAR-BaBNM
245 0 0 _aGuía para la enseñanza de las artes industriales en California
260 _aMéxico, D.F.
_bCentro Regional de Ayuda Técnica
_c1964
300 _a108 p.
_bil.
650 4 _aENSEÑANZA INDUSTRIAL
650 4 _aOBJETIVOS EDUCACIONALES
650 4 _aPLAN DE ESTUDIOS
650 4 _aPROGRAMAS DE ENSEÑANZA
653 _aEDUCACION SECUNDARIA
700 1 _aSimpson, Roy E.
_eprologuista
700 1 _aConner, Jay Davis
_eprologuista
700 1 _aFick, Samuel L.
_eprologuista
942 _cBK
998 _cCarmen
999 _c5769
_d5769